MARC

LEADER 00000nam0a2200000 4500
001 45891
005 20231101211001.0
035 |a (RuTPU)RU\TPU\book\47800 
090 |a 45891 
100 |a 20021218d1984 k y0rusy50 ca 
101 0 |a rus 
102 |a RU 
105 |a a z 001zy 
200 1 |a Экстракционные процессы и их применение  |f Л. М. Гиндин  |g Институт неорганической химии 
210 |a Москва  |c Наука  |d 1984 
215 |a 144 с.  |c ил. 
320 |a Библиогр.: с. 137-142. 
606 1 |a Экстракция  |x (химия)  |2 stltpush  |3 (RuTPU)RU\TPU\subj\72786  |9 86180 
610 1 |a химия 
610 1 |a экстракционные реакции 
610 1 |a экстракционные процессы 
610 1 |a электрохимия 
675 |a 542.61  |v 3 
700 1 |a Гиндин  |b Л. М.  |g Лев Моисеевич 
712 0 2 |a Институт неорганической химии  |2 stltpush  |3 (RuTPU)RU\TPU\col\1483 
801 1 |a RU  |b 63413507  |c 20021218  |g PSBO 
801 2 |a RU  |b 63413507  |c 20140917  |g PSBO 
900 |a Ионообменная технология 
900 |a Ионообменные технологии 
942 |c BK